SML Quiz - Statistics

General Stats
  • This quiz has been taken 2,472 times
  • The average score is 13 of 15
Answer Stats
Question Answer % Correct
Who is the character who has a pencil in his nose? Jeffy
97%
Who is the guy who has many jobs? Brooklynn Guy
96%
Who is the character who is always late with his house payment? Marvin
96%
Who does Chef PP work for? Bowser/Braxton
95%
Who is the character who his friends think is a nerd? Cody
95%
Who is the rich man who always wants Marvin's house payment? Mr Goodman
95%
Who is the character who is always asking for the new Call of Duty game? Duggie/Black Yoshi
94%
Who is Brooklyn Guy's Wife? Karen
94%
Who is the kid with glasses who took Cody's seat? Harry
93%
What is Jeffy's dinosaur's name Booger
92%
Who was the fake guy who was secretly a bad guy? Doesbadthingsguy
89%
Who is the "brat" friend in the group of four friends? Junior
89%
Who is Cody's new boyfriend? Timmy
63%
What city does SML live in? Pensacola
55%
Rounded to the nearest million, how many subscribers does SML have? 6 million
15%
No matching quizzes found
Score Distribution
Percent of People with Each Score
Percentile by Number Answered
Your Score History
You have not taken this quiz